The Wednesday surprise / (Record no. 4382)

MARC details
000 -LEADER
fixed length control field 00858pam a2200265 a 4500
005 - DATE AND TIME OF LATEST TRANSACTION
control field 20241105095605.0
020 ## - INTERNATIONAL STANDARD BOOK NUMBER
International Standard Book Number 9780395547762
040 ## - CATALOGING SOURCE
Original cataloging agency DLC
Transcribing agency DLC
Modifying agency DLC
Language of cataloging eng
050 00 - LIBRARY OF CONGRESS CALL NUMBER
Classification number PZ7.B91527
Item number 1989
082 00 - DEWEY DECIMAL CLASSIFICATION NUMBER
Classification number 306.85
100 1# - MAIN ENTRY--PERSONAL NAME
Personal name Bunting, Eve
Dates associated with a name 1928-
245 14 - TITLE STATEMENT
Title The Wednesday surprise /
Statement of responsibility, etc. by Eve Bunting ; illustrated by Donald Carrick
260 ## - PUBLICATION, DISTRIBUTION, ETC.
Place of publication, distribution, etc. New York :
Name of publisher, distributor, etc. Clarion Books,
Date of publication, distribution, etc. 1989
300 ## - PHYSICAL DESCRIPTION
Extent 32 pages :
Other physical details color illustrations ;
Dimensions 22 cm .
505 ## - FORMATTED CONTENTS NOTE
Formatted contents note M <br/>
520 ## - SUMMARY, ETC.
Summary, etc. On Wednesday nights when Grandma stays with Anna everyone thinks she is teaching Anna to read.
521 ## - TARGET AUDIENCE NOTE
Target audience note 540 <br/>
Source Lexile <br/>
521 ## - TARGET AUDIENCE NOTE
Target audience note M <br/>
Source Raz-Plus <br/>
650 #1 - SUBJECT ADDED ENTRY--TOPICAL TERM
Topical term or geographic name entry element Grandmothers
General subdivision Fiction.
650 #1 - SUBJECT ADDED ENTRY--TOPICAL TERM
Topical term or geographic name entry element Reading
General subdivision Fiction.
700 1# - ADDED ENTRY--PERSONAL NAME
Personal name Carrick, Donald
Relator term illustrator
906 ## - LOCAL DATA ELEMENT F, LDF (RLIN)
a 7
b cbc
c orignew
d 1
e ocip
f 19
g y-gencatlg
942 ## - ADDED ENTRY ELEMENTS (KOHA)
Source of classification or shelving scheme Dewey Decimal Classification
Koha item type Books
Suppress in OPAC No
999 ## -
-- 4382
-- 4382
Holdings
Withdrawn status Lost status Source of classification or shelving scheme Damaged status Not for loan Collection Home library Current library Shelving location Date acquired Total Checkouts Full call number Barcode Date last seen Price effective from Koha item type Copy number
    Dewey Decimal Classification     Juvenile Fiction Footprints International School Library Network Toul Kork Campus Footprints International School Library Network Toul Kork Campus   08/16/2024   BUN 306.85 PZ7.B91527 FIS02767 08/16/2024 08/16/2024 Books  
    Dewey Decimal Classification     Juvenile Fiction Footprints International School Library Network Toul Kork Campus Footprints International School Library Network Toul Kork Campus TK Primary Library Room(4th Floor), Bookcase 3&4, Shelves 17-32, Yellow Books 11/05/2024   BUN 306.85 PZ7.B91527 FISTK02441 11/05/2024 11/05/2024 Books 2